00325nam a2200121Ia 4500008004100000041000800041082001400049100001800063245004400081260003300125300003400158365001100192240624s9999 xx 000 0 und d aeng a658.8 KOT aKOTLER PHILIP aMARKET YOUR WAY TO GROWTH 8 WAYS TO WIN c2013aNew DelhibWiley India axxviii, : 212 : p. : cm. ; 23 cRSb31